Adyanthrasthakalathe nostaljakal/ (Record no. 1154)

000 -LEADER
fixed length control field 00413nam a22001691a 4500
020 ## - INTERNATIONAL STANDARD BOOK NUMBER
ISBN 9788192243146
082 ## - DEWEY DECIMAL CLASSIFICATION NUMBER
Classification number M3
Item number PRA/A
100 ## - MAIN ENTRY--AUTHOR NAME
Personal name Prasanth Nambiar
245 ## - TITLE STATEMENT
Title Adyanthrasthakalathe nostaljakal/
Statement of responsibility, etc by Prasanth Nambiar
250 ## - EDITION STATEMENT
Edition statement 1st.
260 ## - PUBLICATION, DISTRIBUTION, ETC. (IMPRINT)
Place of publication Kannur:
Name of publisher New Books,
Year of publication 2011.
300 ## - PHYSICAL DESCRIPTION
Number of Pages 88p.
650 ## - SUBJECT ADDED ENTRY--TOPICAL TERM
Topical Term Novel Malayalam
650 ## - SUBJECT ADDED ENTRY--TOPICAL TERM
Topical Term Literature Malayalam
650 ## - SUBJECT ADDED ENTRY--TOPICAL TERM
Topical Term Literature
942 ## - ADDED ENTRY ELEMENTS (KOHA)
Koha item type Book
Holdings
Withdrawn status Lost status Damaged status Not for loan Permanent Location Current Location Date acquired Cost, normal purchase price Full call number Accession Number Cost, replacement price Price effective from Koha item type
        Sree Sankaracharya University of Sanskrit Sree Sankaracharya University of Sanskrit 08.01.2015 70.00 M3 PRA/A 068309 0.00 08.01.2015 Book